| 000 | 00474nam a2200181Ia 4500 | ||
|---|---|---|---|
| 001 | 55566 | ||
| 008 | 140506s9999 xx 000 0 und d | ||
| 020 | _a0425095932 | ||
| 040 | _cPK-LaUMT | ||
| 082 |
_aMAL 306.7 _bBUR-K |
||
| 100 | _aBurton, Richard | ||
| 245 | 4 |
_aThe Kama sutra of vatsyayana _cBurton, Richard<>Arbuthnot, F. F. |
|
| 260 |
_aBerkley,USA: _bG. P. Putnam's Sons, _c1963 |
||
| 300 | _a223 p. | ||
| 546 | _aEN | ||
| 700 | _aArbuthnot, F. F. | ||
| 942 | _cBK | ||
| 999 |
_c52904 _d52904 |
||